000 00565nam a2200181Ia 4500
008 090124s9999 xx 000 0 und d
082 _b19919
100 _aफडके ना.सी.
245 _a तीन थोर देशभक्त
250 _a1
260 _bकेशव भिकाजी ढवळे
_c1942
300 _a164
600 _aफडके ना.सी.
630 _a तीन थोर देशभक्त
700 _aफडके ना.सी.
730 _a तीन थोर देशभक्त
942 _cBOOK
999 _c90186
_d90186